On This Day: December 7th Quiz Stats

 Plays Quiz Updated Feb 13, 2019

Challenge
Share
Tweet
Embed
Score 0/7 Timer 03:00
0 Plays Today
Question Answer Wrong Answers
Imperial Japanese forces bomb the US Naval base at Pearl Harbor, located in this state, which draws the US into WWII.
1941
Hawaii
96.4%
California
0.7%
Washington
0.6%
Oregon
0.6%
In a speech held during one of his campaign rallies, this Presidental candidate calls for 'a total and complete shutdown of Muslims entering the US.'
2015
Donald Trump
95.2%
Marco Rubio
0.8%
Jeb Bush
0.9%
Bernie Sanders
0.8%
Two days after its US release, the band Wings, led by this former Beatle, release the album 'Band on the Run' worldwide.
1973
Paul McCartney
87.3%
George Harrison
4.1%
Ringo Starr
2.5%
John Lennon
3.9%
After the rise of Communist forces in China, this world leader flees to Taiwan, where he continues the Nationalist Chinese government in exile until his death.
1949
Chiang Kai-shek
77.6%
Yen Chia-kan
4%
Lee Teng-hui
4.8%
Ma Ying-Jeou
11.5%
____ becomes the first state to ratify the US Constitution
1787
Delaware
72.9%
Rhode Island
4.9%
Massachusetts
10.2%
Virginia
11.2%
This famous Roman orator and former Consul is captured and killed by Mark Antony's forces while trying to flee to Macedonia.
43 BC
Cicero
71.3%
Pompey
15.3%
Crassus
11.1%
Sulla
2.2%
The United States officially declares war on this nation, becoming the 13th nation to do so.
1917
Austria-Hungary
18.3%
Germany
74.1%
Turkey
1%
Russia
5.3%

You're not logged in!

Compare scores with friends on all Sporcle quizzes.
OR
Log In

You Might Also Like...

Show Comments

Extras

Top Quizzes Today


Score Distribution

Your Account Isn't Verified!

In order to create a playlist on Sporcle, you need to verify the email address you used during registration. Go to your Sporcle Settings to finish the process.

Report this User

Report this user for behavior that violates our Community Guidelines.

Details: